Teuerste Abgänge von SL Benfica - Statistiken

Allgemein
  • Dieses Quiz wurde 23 mal gespielt
  • Das Durchschnittsergebnis liegt bei 6 aus 15
Antwortstatistiken
Hint Antwort % Korrekt
1 Joao Felix
100%
2 Enzo Fernandez
75%
4 Ruben Dias
65%
3 Darwin Nunez
60%
6 Joao Neves
55%
14 Angel Di Maria
45%
8 Ederson
45%
13 Renato Sanches
45%
5 Goncalo Ramos
40%
9 Axel Witsel
25%
15 Fabio Coentrao
20%
11 Nelson Semedo
20%
10 Raul Jimenez
10%
12 Viktor Lindelöf
10%
7 Marcos Leonardo
5%
Keine übereinstimmenden Quizze gefunden
Verteilung der Resultate
Anzahl Personen mit jedem Resultat
Perzentil nach korrekt beantworteten Fragen
Ihre Resultats-Entwicklung
Sie haben dieses Quiz noch nicht gespielt